<?xml version="1.0" encoding="UTF-8"?><collection xmlns="info:lc/xmlns/marcxchange-v2"><record format="Unimarc" type="bibliographic"><leader>00893cam  2200253   450 </leader><controlfield tag="001">1775173</controlfield><controlfield tag="003">http://id.bnportugal.gov.pt/bib/porbase/1775173</controlfield><controlfield tag="005">20030619001700.0</controlfield><datafield ind1=" " ind2=" " tag="010"><subfield code="a">0-521-23593-6</subfield></datafield><datafield ind1=" " ind2=" " tag="035"><subfield code="8">54749</subfield></datafield><datafield ind1=" " ind2=" " tag="095"><subfield code="a">PTBN00609460</subfield></datafield><datafield ind1=" " ind2=" " tag="100"><subfield code="a">19940615d1989    k  y0pory0103    ba</subfield></datafield><datafield ind1="0" ind2=" " tag="101"><subfield code="a">eng</subfield></datafield><datafield ind1=" " ind2=" " tag="102"><subfield code="a">GB</subfield></datafield><datafield ind1="1" ind2=" " tag="200"><subfield code="a">Greek musical writings</subfield><subfield code="f">ed. by Andrew Barker</subfield></datafield><datafield ind1=" " ind2=" " tag="210"><subfield code="a">Cambridge</subfield><subfield code="c">University Press</subfield><subfield code="d">1989</subfield></datafield><datafield ind1=" " ind2=" " tag="215"><subfield code="a">2 vol.</subfield><subfield code="d">24 cm</subfield></datafield><datafield ind1="1" ind2=" " tag="327"><subfield code="a">Vol. 1.: The musician and his art. - XVI, 332 p. : il. ;</subfield><subfield code="a">Vol. 2: Harmonic and acoustic theory. - VIII, 581 p.</subfield></datafield><datafield ind1=" " ind2=" " tag="675"><subfield code="a">875</subfield><subfield code="v">BN</subfield><subfield code="z">por</subfield><subfield code="3">288325</subfield></datafield><datafield ind1=" " ind2=" " tag="675"><subfield code="a">1(38)</subfield><subfield code="v">BN</subfield><subfield code="z">por</subfield><subfield code="3">297146</subfield></datafield><datafield ind1=" " ind2=" " tag="675"><subfield code="a">7(81)</subfield><subfield code="v">BN</subfield><subfield code="z">por</subfield><subfield code="3">302958</subfield></datafield><datafield ind1=" " ind2="1" tag="702"><subfield code="a">Barker</subfield><subfield code="b">Andrew</subfield><subfield code="4">340</subfield><subfield code="3">270562</subfield></datafield><datafield ind1=" " ind2="0" tag="801"><subfield code="a">PT</subfield><subfield code="b">BN</subfield><subfield code="g">RPC</subfield></datafield><datafield ind1=" " ind2=" " tag="977"><subfield code="1">78.01</subfield><subfield code="2">coop</subfield><subfield code="4">UCJPII</subfield><subfield code="6">mq1339938</subfield><subfield code="7">bc</subfield><subfield code="8">coop</subfield><subfield code="9">UCJPII</subfield><subfield code="b">95-1072</subfield><subfield code="k">0</subfield></datafield><datafield ind1=" " ind2=" " tag="977"><subfield code="1">78.01 GMW</subfield><subfield code="2">coop</subfield><subfield code="4">UCJPII</subfield><subfield code="6">mq1339939</subfield><subfield code="7">bc</subfield><subfield code="8">coop</subfield><subfield code="9">UCJPII</subfield><subfield code="b">95-1073/74</subfield><subfield code="k">0</subfield></datafield><datafield ind1=" " ind2=" " tag="977"><subfield code="1">81/IV/303v</subfield><subfield code="2">coop</subfield><subfield code="4">UPLE</subfield><subfield code="6">mq1339937</subfield><subfield code="7">bc</subfield><subfield code="8">coop</subfield><subfield code="9">UPLE</subfield><subfield code="a">FG</subfield><subfield code="b">41018</subfield><subfield code="k">0</subfield></datafield></record></collection>